| 000 | 00898nam a2200277Ia 4500 | ||
|---|---|---|---|
| 003 | GCL | ||
| 008 | 140319s9999 xx 000 0 ara d | ||
| 040 |
_aGCL / _cGCL |
||
| 082 | 0 | 4 |
_a320.9 _bس ق |
| 100 | 1 | _aسمير امين | |
| 245 | 1 | 0 |
_aقضايا استراتيجية فى المتوسط / _cسمير امين |
| 700 | 1 | _aحسن نافعة | |
| 700 | 1 | _aمحمد سيد احمد | |
| 700 | 1 | _aفهيمة شرف الدين | |
| 700 | 1 | _aسناء ابوشقرة | |
| 300 | _a223 | ||
| 490 |
_aالمتوسط فى السياسة الدولية _v0 |
||
| 650 | 0 | 4 | _aالعالم العربى |
| 650 | 0 | 4 | _aنزع السلاح |
| 650 | 0 | 4 | _aالخليج العربى |
| 650 | 0 | 4 | _aحرب الخليج |
| 650 | 0 | 4 | _aالجغرافيا السياسية |
| 650 | 0 | 4 | _aالصراع العربى الاسرائيلى |
| 650 | 0 | 4 | _aدول البحر المتوسط |
| 942 |
_2ddc _cBK |
||
| 999 |
_c43314 _d43314 |
||